A History of Italian painting /

Bibliographic Details
Main Author: Mather, Frank Jewett, 1868-1953
Format: Book
Language:English
Published: New York : H. Holt and Company, 1923.
Subjects:

MARC

Tag First Indicator Second Indicator Subfields
LEADER 00000cam a2200000 a 4500
001 in00000551221
005 20151014051027.0
008 721214s1923 nyua b 00110 eng
010 |a  23010706  
035 |a (OCoLC)00517946 
035 |9 ACJ1894AM 
040 |a DLC  |c WSU  |d SER  |d TXA  |d UtOrBLW 
049 |a TXAM  |c [1277379] 
050 0 0 |a ND611  |b .M4 
100 1 |a Mather, Frank Jewett,  |d 1868-1953. 
245 1 2 |a A History of Italian painting /  |c by Frank Jewett Mather. 
264 1 |a New York :  |b H. Holt and Company,  |c 1923. 
300 |a vii, 495 pages :  |b illustrations ;  |c 19 cm. 
336 |a text  |b txt  |2 rdacontent 
337 |a unmediated  |b n  |2 rdamedia 
338 |a volume  |b nc  |2 rdacarrier 
504 |a Includes bibliographical references and index. 
650 0 |a Painting  |z Italy  |x History. 
999 |a MARS 
999 f f |s c89d51d1-d763-30ae-974f-c7398980dfbb  |i 9410330f-8d6f-3c4b-9e1c-3985cd00fd62  |t 0 
952 f f |p normal  |a Texas A&M University  |b College Station  |c Sterling C. Evans Library  |d Evans: Library Stacks  |t 0  |e ND611 .M4  |h Library of Congress classification  |i unmediated -- volume  |m A14808919836 
998 f f |a ND611 .M4  |t 0  |l Evans: Library Stacks